Faculty of Law Library — Cairo University

Official Online Catalog

La Criminalité Dans L'adolescence : (Record no. 75019)

MARC details
000 -LEADER
fixed length control field 01193nam a2200337 i 4500
003 - CONTROL NUMBER IDENTIFIER
control field EG-GICUC
005 - DATE AND TIME OF LATEST TRANSACTION
control field 20260502203500.0
008 - FIXED-LENGTH DATA ELEMENTS--GENERAL INFORMATION
fixed length control field 260502b1909 fr a|||f |||| 000 0 fre d
040 ## - CATALOGING SOURCE
Original cataloging agency EG-GiCUC
Transcribing agency EG-GiCUC
Modifying agency EG-GiCUC
Description conventions Rda
Language of cataloging fre
041 ## - LANGUAGE CODE
Language code of text/sound track or separate title fre
082 04 - DEWEY DECIMAL CLASSIFICATION NUMBER
Edition number 21
Classification number 343.661
Item number DU . C
092 04 - LOCALLY ASSIGNED DEWEY CALL NUMBER (OCLC)
Edition number 21
099 ## - LOCAL FREE-TEXT CALL NUMBER (OCLC)
Classification number Law1 10 343.661 PI . C 1909 1011378 C1
100 1# - MAIN ENTRY--PERSONAL NAME
Personal name Duprat, G.-l.
Relator term Auteur
245 13 - TITLE STATEMENT
Title La Criminalité Dans L'adolescence :
Remainder of title Causes Et Remédes D'un Mail Social Actuel
Statement of responsibility, etc. Par G.-l. Duprat.
264 #1 - PRODUCTION, PUBLICATION, DISTRIBUTION, MANUFACTURE, AND COPYRIGHT NOTICE
Place of production, publication, distribution, manufacture Paris ;
Name of producer, publisher, distributor, manufacturer Felix Alcan, Editeur,
Date of production, publication, distribution, manufacture, or copyright notice 1909.
300 ## - PHYSICAL DESCRIPTION
Extent 260 page ;
Other physical details illustration :
Dimensions 24 cm.
336 ## - CONTENT TYPE
Source rda contenu
Content type term texte
337 ## - MEDIA TYPE
Source rda medias
Media type term Ordinateur
338 ## - CARRIER TYPE
Source transporteur rda
Carrier type term Ressource en ligne
500 ## - GENERAL NOTE
General note Comprend des index.<br/><br/>
500 ## - GENERAL NOTE
General note Durvage Swaran Par L'académie Des Sciences Worales Et Politiques (Pris Du Budget, 18).
504 ## - BIBLIOGRAPHY, ETC. NOTE
Bibliography, etc. note comprend des références bibliographiques.<br/>
650 14 - SUBJECT ADDED ENTRY--TOPICAL TERM
Topical term or geographic name entry element Droit pénal
Source of heading or term qrmak
650 14 - SUBJECT ADDED ENTRY--TOPICAL TERM
Topical term or geographic name entry element Délinquants juvéniles
650 14 - SUBJECT ADDED ENTRY--TOPICAL TERM
Topical term or geographic name entry element Adolescence
General subdivision crime
651 1# - SUBJECT ADDED ENTRY--GEOGRAPHIC NAME
Source of heading or term qrmak
856 40 - ELECTRONIC LOCATION AND ACCESS
Uniform Resource Identifier <a href="https://fll.law.cu.edu.eg/fulltext/bks/B10-11378.pdf">https://fll.law.cu.edu.eg/fulltext/bks/B10-11378.pdf</a>
905 ## - Cataloger and Reviser Names
Cataloger Name: Mohamed Yosri
942 ## - ADDED ENTRY ELEMENTS (KOHA)
Source of classification or shelving scheme Dewey Decimal Classification
Koha item type Books
Edition 21
Suppress in OPAC No
Holdings
Withdrawn status Lost status Source of classification or shelving scheme Damaged status Not for loan Collection Home library Current library Date acquired Total checkouts Full call number Barcode Date last seen Copy number Price effective from Koha item type
    Dewey Decimal Classification   Not for loan القانون الجنائي جــــامعة القــاهرة مكتبة كلية الحقوق - المبنى الرئيسي 02.05.2026   Law1 10 343.661 PI . C 1909 1011378 C1 B10-11378 02.05.2026 1 02.05.2026 Books

© All rights reserved — Faculty of Law, Cairo University